000 00367nam a2200145Ia 4500
008 230917s9999||||xx |||||||||||||| ||und||
040 _e207990
_aMAIN
041 _aEnglish
082 _a181.4 T188B
100 _aTater, Sohan Raj
245 0 _aBharatiya darshan ke vibhinn swaroop
260 _aJaipur
_bDeepak Publishers
_c2012
300 _a316 p.
942 _cBK
999 _c134477
_d134477